Tratado de derecho del trabajo : Relaciones colectivas de trabajo - I. Tomo VII /

Guardado en:
Otros Autores: Tosca, Diego M., (coord.)
Formato: Libro
Idioma:Spanish
Publicado: Santa Fe : Rubinzal Culzoni, 2007.
Materias:
Etiquetas: Agregar Etiqueta
Sin Etiquetas, Sea el primero en etiquetar este registro!
LEADER 00572nam a22001575a 4500
001 DER.der007549
008 180615s2007####ag#||||||||||||||#||spa||
005 20251114091348.0
245 1 0 |a Tratado de derecho del trabajo :  |p Tomo VII /  |b Relaciones colectivas de trabajo - I.  |c dirigido por Mario E. Ackerman, y Diego M. Tosca. 
260 |a Santa Fe :  |b Rubinzal Culzoni,  |c 2007. 
300 |a 979 p. 
020 |a 9789507278457 
700 1 |a Ackerman, Mario E.,  |e dir. 
700 1 |a Tosca, Diego M.,  |e coord. 
653 |a DERECHO LABORAL 
859 |a DERECHO  |b BIB. DERECHO  |h 344  |i TRA  |p 005791  |3 Tomo VII